000 00485nam a2200181Ia 4500
001 25243
005 20260414151137.0
008 260414t2010||||xx |||||||||||||| ||spa||
041 _aESP
082 _a346.41
_bD75
100 _aDíez-Picazo, Luis
_eAUT
245 0 _aFundamentos del derecho civil patrimonial IV :
_blas particulares relaciones obligatorias
260 _c2010
300 _a723 páginas :
_c25 cm.
650 _aDER
654 _aCDE
942 _cLIB
_dJUS
_fJUS
_2ddc
_n
999 _c25243
_d25243